000 00458cam a2200169ua 4500
020 _c7.60
041 _aeng
_h
082 _a823.308
_bDOS/LE
100 _aDostoevsky, Fyodor .
245 _aLetters from the underworld the genette maiden the land lady /
_cFyodor dostoevsky.
_hTextual Documents
260 _aLondon :
_bJ M Dent and Sons Ltd ,
_c1957.
300 _a308 ; .
365 _a7.60
504 _a
942 _cBK
999 _c4906
_d4906